Revolish toefl iBT Prep : Four skills reading, listening, speaking, writing
Gespeichert in:
| 1. Verfasser: | |
|---|---|
| Format: | Buch |
| Sprache: | Undetermined |
| Veröffentlicht: |
Thành phố Hồ Chí Minh
Trẻ
2008
|
| Schlagworte: | |
| Tags: |
Tag hinzufügen
Keine Tags, Fügen Sie den ersten Tag hinzu!
|
| Thư viện lưu trữ: | Trung tâm Học liệu Trường Đại học Cần Thơ |
|---|
| LEADER | 00636nam a2200217Ia 4500 | ||
|---|---|---|---|
| 001 | CTU_195811 | ||
| 008 | 210402s9999 xx 000 0 und d | ||
| 082 | |a 428.0076 | ||
| 082 | |b K49/CD.2 | ||
| 100 | |a Kim, Nathan | ||
| 245 | 0 | |a Revolish toefl iBT Prep : | |
| 245 | 0 | |b Four skills reading, listening, speaking, writing | |
| 245 | 0 | |c Nathan Kim, Peggy Anderson, Elaine Cho | |
| 260 | |a Thành phố Hồ Chí Minh | ||
| 260 | |b Trẻ | ||
| 260 | |c 2008 | ||
| 650 | |a English language,Tiếng Anh | ||
| 650 | |x TOEFL,TOEFL | ||
| 904 | |i QHieu | ||
| 915 | |a 400 | ||
| 980 | |a Trung tâm Học liệu Trường Đại học Cần Thơ | ||